000 00623nam a22001937a 4500
003 DO-SdBNP
005 20171128095239.0
008 171128b 2005 xxc ||||| |||| 00| 0 spa d
020 _a184205547X
040 _aBPMSU
_bspa
_cBPMSU
092 _axxxx
_bxxxx
240 1 0 _aSpanish-English, English-Spanish dictionary for home, school or office.
245 1 0 _aWebster's Spanish-English, English-Spanish dictionary.
260 _aNew Lanark, Scotland :
_bGeddes & Grosset,
_c2005.
300 _a256 p. ;
_c14 cm.
942 _2ddc
_cBK
945 _aInventariado 2017/ LP
956 _aLOPEREZ
_b10
_c20171128
_h0041
_iBPMSU
999 _c13152
_d13152